[Event "Chigorin Mem Blitz 2014"]
[Site "St Petersburg RUS"]
[Date "2014.10.17"]
[Round "2.11"]
[White "Rakhmanov, Aleksandr"]
[Black "Gurvich, Vitaly"]
[Result "1-0"]
[WhiteTitle "GM"]
[WhiteElo "2636"]
[BlackElo "2106"]
[WhiteFideId "4173708"]
[BlackFideId "24164852"]
[EventDate "2014.10.17"]

1. c4 Nf6 2. Nc3 g6 3. g3 Bg7 4. Bg2 O-O 5. d3 d6 6. e3 e5 7. Nge2 Nc6 8. O-O
Be6 9. Nd5 Rb8 10. e4 Ne7 11. d4 c6 12. Nxf6+ Bxf6 13. Bh6 Re8 14. d5 cxd5 15.
cxd5 Bd7 16. Be3 a6 17. Qd2 Bg7 18. f4 f5 19. fxe5 Bxe5 20. Nd4 fxe4 21. Bxe4
Bxd4 22. Bxd4 Nf5 23. Bxf5 Bxf5 24. Qh6 Qd7 25. Rxf5 gxf5 26. Qg5+ Kf8 27. Rf1
Re7 28. Bf6 Rf7 29. Qh6+ Kg8 30. Qg5+ Kf8 31. Rxf5 Qa4 32. Rf4 Qd1+ 33. Kg2 Qe2+
34. Kh3 Ke8 35. Qf5 Qd1 36. Re4+ Kf8 37. Rf4 Qe2 38. Re4 Qd1 39. g4 Qd3+ 40. Kh4
Qd1 41. Kh5 Qd2 42. h4 Qd1 43. Re6 Qd2 44. Qg5 Qxg5+ 45. Kxg5 Re8 46. Rxd6 Re2
47. Rd8+ Re8 48. Rxe8+ Kxe8 49. Kf5 Kd7 50. Ke5 Rf8 51. g5 Re8+ 52. Kf5 Re2 53.
h5 Rf2+ 54. Ke4 Rh2 55. g6 hxg6 56. hxg6 Rg2 57. Kf5 Rf2+ 58. Kg5 Ke8 59. d6 Kd7
60. Be5 Ke6 61. g7 Rg2+ 62. Kf4 Kd7 63. Kf5 Rg1 64. Kf6 Ke8 65. Ke6 Rg6+ 66. Bf6 1-0

[Event "Chigorin Mem Blitz 2014"]
[Site "St Petersburg RUS"]
[Date "2014.10.17"]
[Round "2.12"]
[White "Karasev, Vladimir I"]
[Black "Timofeev, Artyom"]
[Result "0-1"]
[WhiteTitle "IM"]
[BlackTitle "GM"]
[WhiteElo "2377"]
[BlackElo "2598"]
[WhiteFideId "4103971"]
[BlackFideId "4140419"]
[EventDate "2014.10.17"]

1. e4 e6 2. b3 c5 3. Bb2 Nc6 4. Nf3 d6 5. Bb5 Bd7 6. O-O Nf6 7. Re1 Be7 8. d4
cxd4 9. Nxd4 O-O 10. Bxc6 Bxc6 11. Nd2 Rc8 12. c4 a6 13. Nxc6 Rxc6 14. Nf3 Rc8
15. e5 dxe5 16. Nxe5 Qc7 17. Qe2 Rfd8 18. Rad1 Bb4 19. Rxd8+ Rxd8 20. Rd1 Rxd1+
21. Qxd1 Bd6 22. h3 Kf8 23. Ng4 Nd7 24. Qd3 f5 25. Ne3 Nc5 26. Qd4 Bf4 27. g3
Bd6 28. Qh4 h6 29. Qh5 Be5 30. Bxe5 Qxe5 31. Qd1 Ke7 32. Kg2 Qe4+ 33. Qf3 Kd6
34. Qxe4 Nxe4 35. Nd1 Kc5 36. Kf3 Kd4 37. Ke2 Nc3+ 38. Nxc3 Kxc3 39. f4 Kb2 40.
Ke3 Kxa2 41. Kd4 Kxb3 42. Ke5 a5 43. Kxe6 a4 44. g4 a3 45. gxf5 a2 46. f6 gxf6
47. Kxf6 a1=Q+ 0-1

[Event "Chigorin Mem Blitz 2014"]
[Site "St Petersburg RUS"]
[Date "2014.10.17"]
[Round "3.1"]
[White "Smirin, Ilia"]
[Black "Dzhumagaliev, Yan"]
[Result "0-1"]
[WhiteTitle "GM"]
[BlackTitle "FM"]
[WhiteElo "2655"]
[BlackElo "2415"]
[WhiteFideId "2801990"]
[BlackFideId "24100110"]
[EventDate "2014.10.17"]

1. e4 c5 2. Nf3 e6 3. d4 cxd4 4. Nxd4 Nc6 5. Nc3 Qc7 6. f4 a6 7. Nxc6 Qxc6 8.
Bd3 Bc5 9. Qe2 d6 10. f5 Nf6 11. Bg5 Bd4 12. Bd2 O-O 13. g4 exf5 14. gxf5 Re8
15. O-O-O Bxf5 16. Rdf1 Bg6 17. Qf3 Rac8 18. Kb1 b5 19. h4 Bxc3 20. Bxc3 Nxe4
21. Ba5 b4 22. Bxb4 Qa4 23. Be1 h5 24. Rhg1 d5 25. Rxg6 fxg6 26. Qf7+ Kh7 27.
Rg1 Qc6 28. Bc3 Nxc3+ 29. Ka1 Ne4 30. c4 dxc4 31. Bxc4 Rf8 32. Qd5 Qxc4 33. Qd1 0-1

[Event "Chigorin Mem Blitz 2014"]
[Site "St Petersburg RUS"]
[Date "2014.10.17"]
[Round "3.2"]
[White "Batchuluun, Tsegmed"]
[Black "Andriasian, Zaven"]
[Result "1-0"]
[WhiteTitle "GM"]
[BlackTitle "GM"]
[WhiteElo "2523"]
[BlackElo "2622"]
[WhiteFideId "4900847"]
[BlackFideId "13302000"]
[EventDate "2014.10.17"]

1. d4 Nf6 2. c4 c5 3. d5 b5 4. cxb5 a6 5. bxa6 Bxa6 6. Nc3 g6 7. e4 Bxf1 8. Kxf1
d6 9. Nf3 Bg7 10. g3 O-O 11. Kg2 Nbd7 12. a4 Ra6 13. Re1 Qa8 14. Nb5 Rc8 15. Bd2
Nb6 16. b3 c4 17. a5 Nbd7 18. bxc4 Rxc4 19. Rc1 Qc8 20. Qe2 Rc5 21. Nbd4 Ng4 22.
Nc6 Bf6 23. h3 Nge5 24. Nfxe5 Nxe5 25. Rxc5 dxc5 26. Nxe5 Bxe5 27. Rc1 Bd4 28.
Qd3 Qa8 29. Rb1 Rf6 30. Be1 h5 31. Qb5 Kg7 32. Qb7 Qe8 33. a6 Qa4 34. a7 Qa2 35.
Rb2 Qa1 36. a8=Q Qxe1 37. Qa2 Qxe4+ 38. Kh2 h4 39. d6 hxg3+ 40. fxg3 Qe1 41. Qg2
Rf1 42. h4 exd6 43. Re2 Qd1 44. Rd2 Qe1 45. Re2 Qd1 46. Qc2 Qa1 47. Qa2 Qd1 48.
Qd2 Qa1 49. h5 Be5 50. h6+ Kg8 51. Rxe5 dxe5 52. Qd8+ Kh7 53. Qf8 e4 54. Qxf1
Qb2+ 55. Kh1 1-0

[Event "Chigorin Mem Blitz 2014"]
[Site "St Petersburg RUS"]
[Date "2014.10.17"]
[Round "3.3"]
[White "Kazhgaleyev, Murtas"]
[Black "Sivuk, Vitaly"]
[Result "1/2-1/2"]
[WhiteTitle "GM"]
[BlackTitle "IM"]
[WhiteElo "2566"]
[BlackElo "2523"]
[WhiteFideId "13700316"]
[BlackFideId "14116502"]
[EventDate "2014.10.17"]

1. d4 Nf6 2. c4 e6 3. Nc3 Bb4 4. Nf3 O-O 5. Bg5 h6 6. Bh4 b6 7. e3 Bb7 8. Bd3
Be7 9. O-O d5 10. cxd5 Nxd5 11. Bg3 Nd7 12. Nxd5 Bxd5 13. e4 Bb7 14. Qe2 c5 15.
Rfd1 Nf6 16. Bc2 Qc8 17. d5 exd5 18. exd5 Re8 19. Ba4 Ba6 20. Qe5 b5 21. Bc2 Bf8
22. Qf5 Qxf5 23. Bxf5 Bc8 24. Bd3 c4 25. Bc2 Bg4 26. d6 Nd7 27. h3 Bxf3 28. gxf3
g6 29. Be4 Rac8 30. Rd5 a6 31. Rad1 Bg7 32. R5d2 b4 33. Bb7 Rb8 34. Bxa6 c3 35.
bxc3 bxc3 36. Rc2 Rb2 37. Bd3 Ra8 38. Rdc1 Raxa2 39. Rxc3 Bxc3 40. Rxc3 Rb7 41.
Be4 Rba7 42. Bf4 Kg7 43. Rc7 Rxc7 44. dxc7 Nb6 45. Be3 Nc8 46. Bb7 Ne7 47. c8=Q
Nxc8 48. Bxc8 Rc2 49. Bb7 Rc7 50. Ba6 Rd7 51. Kg2 Rc7 52. f4 Rd7 53. f5 gxf5 54.
Kf3 Kg6 55. Bb5 Rb7 56. Bd3 Rb4 57. Kg3 Ra4 58. Be2 Ra2 59. Bf3 Ra4 60. h4 h5
61. Bd1 Rb4 62. f3 Rb1 63. Ba4 Rb4 64. Bd7 Rc4 65. Bf4 Rd4 66. Bb5 Rb4 67. Be2
Rb2 68. Kf2 Ra2 69. Bg5 Rb2 70. Ke3 Rb4 71. Bd3 Ra4 72. Bf4 Rb4 73. Bg5 Ra4 74.
Be7 Ra7 75. Bc5 Ra4 76. Bd4 Rb4 77. Bc2 Rc4 78. Bb3 Rb4 79. Bd5 Ra4 80. Bc6 Rb4
81. Kd3 Rb3+ 82. Ke2 Rb4 1/2-1/2

[Event "Chigorin Mem Blitz 2014"]
[Site "St Petersburg RUS"]
[Date "2014.10.17"]
[Round "3.4"]
[White "Sethuraman, S.P."]
[Black "Khismatullin, Denis"]
[Result "1-0"]
[WhiteTitle "GM"]
[BlackTitle "GM"]
[WhiteElo "2613"]
[BlackElo "2681"]
[WhiteFideId "5021596"]
[BlackFideId "4142578"]
[EventDate "2014.10.17"]

1. d4 Nf6 2. c4 e6 3. Nf3 d5 4. g3 Bb4+ 5. Bd2 Bd6 6. Bg2 O-O 7. b3 Ne4 8. O-O
Nd7 9. Qc2 c6 10. Nc3 Nxd2 11. Nxd2 f5 12. e3 Nf6 13. Rab1 Qe7 14. Ne2 Bd7 15.
Nf4 Rac8 16. Nd3 Be8 17. b4 Bh5 18. Rfe1 Rfd8 19. a4 Ng4 20. c5 Bb8 21. b5 e5
22. h3 Nf6 23. bxc6 bxc6 24. Rxb8 Rxb8 25. Nxe5 Qe6 26. Nb3 Be8 27. Nc1 Rb7 28.
Ncd3 Rdb8 29. h4 Qc8 30. Bh3 g6 31. Bg2 Ne4 32. Kh2 Qd8 33. f3 Nf6 34. Nf4 Qa5
35. Re2 Rb4 36. g4 fxg4 37. fxg4 Qxa4 38. g5 Qxc2 39. Rxc2 Ne4 40. Bxe4 dxe4 41.
Kg3 Rb3 42. Ng4 Kf7 43. d5 cxd5 44. Nxd5 Rc8 45. Kf4 Ke6 46. Ndf6 a5 47. Nxe4 a4
48. Ne5 Rb4 49. Nf3 a3 50. Nd4+ Kd5 51. Nf6# 1-0

[Event "Chigorin Mem Blitz 2014"]
[Site "St Petersburg RUS"]
[Date "2014.10.17"]
[Round "3.5"]
[White "Bukavshin, Ivan"]
[Black "Zubritskiy, Artyom"]
[Result "0-1"]
[WhiteTitle "GM"]
[WhiteElo "2616"]
[BlackElo "2360"]
[WhiteFideId "4199758"]
[BlackFideId "4181247"]
[EventDate "2014.10.17"]

1. e4 c5 2. Nf3 d6 3. d4 cxd4 4. Nxd4 Nf6 5. Nc3 a6 6. Be2 e6 7. Be3 Qc7 8. Qd2
Be7 9. f3 O-O 10. g4 b5 11. a3 Bb7 12. h4 Nfd7 13. g5 Nc6 14. h5 Nxd4 15. Bxd4
Ne5 16. O-O-O f5 17. h6 g6 18. f4 Nc4 19. Bxc4 Qxc4 20. b3 Qc7 21. Rhe1 e5 22.
Be3 fxe4 23. Nd5 Bxd5 24. Qxd5+ Kh8 25. Kb1 Rac8 26. Re2 Qc6 27. Qe6 Rce8 28.
Qg4 d5 29. fxe5 Bxa3 30. Rf2 Rxf2 31. Bxf2 Rc8 32. Rd2 Bb4 33. Re2 Bc3 34. Be3
Re8 35. Rf2 Bxe5 36. Bd2 Qc5 37. Rf7 Qa3 38. c3 Qxb3+ 39. Kc1 Qa3+ 40. Kd1 Qd6
41. Qd7 Qxd7 42. Rxd7 Kg8 43. Rxd5 Kf7 44. Rd7+ Re7 45. Rd8 Ke6 46. Rf8 Rd7 47.
Ke2 a5 48. Ra8 a4 49. Ra5 Rb7 50. Be3 Bxc3 51. Ra8 Kd5 52. Rd8+ Kc4 53. Re8 Kb3
54. Rxe4 a3 0-1

[Event "Chigorin Mem Blitz 2014"]
[Site "St Petersburg RUS"]
[Date "2014.10.17"]
[Round "3.6"]
[White "Iljin, Timofey"]
[Black "Potkin, Vladimir"]
[Result "1-0"]
[WhiteTitle "IM"]
[BlackTitle "GM"]
[WhiteElo "2388"]
[BlackElo "2610"]
[WhiteFideId "14110180"]
[BlackFideId "4131061"]
[EventDate "2014.10.17"]

1. d4 d5 2. c4 e6 3. Nc3 c6 4. e4 Bb4 5. Bd2 dxe4 6. Nxe4 Qxd4 7. Bxb4 Qxe4+ 8.
Be2 Na6 9. Bd6 Qxg2 10. Qd2 Nf6 11. Bf3 Qg6 12. Ne2 e5 13. O-O-O Bg4 14. Bxg4
Nxg4 15. f3 Nf2 16. Bxe5 Nxd1 17. Rxd1 Nc5 18. Qd4 b6 19. b4 Ne6 20. Qd7+ Kf8
21. Qxc6 Re8 22. Bd6+ 1-0

[Event "Chigorin Mem Blitz 2014"]
[Site "St Petersburg RUS"]
[Date "2014.10.17"]
[Round "3.7"]
[White "Shimanov, Aleksandr"]
[Black "Guseva, Marina"]
[Result "0-1"]
[WhiteTitle "GM"]
[BlackTitle "IM"]
[WhiteElo "2606"]
[BlackElo "2364"]
[WhiteFideId "4198603"]
[BlackFideId "4149351"]
[EventDate "2014.10.17"]

1. d4 d5 2. c4 c6 3. e3 Nf6 4. Bd3 e5 5. Nc3 e4 6. Bc2 Bd6 7. f3 O-O 8. fxe4
Nxe4 9. Bxe4 dxe4 10. Nxe4 Bb4+ 11. Bd2 Bxd2+ 12. Qxd2 Re8 13. Nc3 Bg4 14. Nf3
Bxf3 15. gxf3 Qh4+ 16. Kd1 c5 17. d5 Qxc4 18. e4 Nd7 19. Rc1 Ne5 20. Qe2 f5 21.
b3 Qb4 22. Kc2 c4 23. Rb1 cxb3+ 24. Rxb3 Qc5 25. f4 Nc4 26. e5 Rac8 27. Kb1 a5
28. Rc1 a4 29. Rb2 Nxb2 30. Qxb2 b5 31. d6 Red8 32. Nxb5 0-1

[Event "Chigorin Mem Blitz 2014"]
[Site "St Petersburg RUS"]
[Date "2014.10.17"]
[Round "3.8"]
[White "Demidov, Mikhail"]
[Black "Bodnaruk, Anastasia"]
[Result "1-0"]
[WhiteTitle "IM"]
[BlackTitle "IM"]
[WhiteElo "2516"]
[BlackElo "2440"]
[WhiteFideId "4197143"]
[BlackFideId "4181751"]
[EventDate "2014.10.17"]

1. d4 Nf6 2. Bg5 d5 3. Bxf6 exf6 4. e3 g6 5. g3 c6 6. Bg2 Bd6 7. Ne2 O-O 8. O-O
Nd7 9. Nd2 Re8 10. c4 dxc4 11. Nxc4 Bf8 12. a3 Nb6 13. Na5 Nd5 14. b4 Bd6 15.
Qd2 Bc7 16. Nb3 Kg7 17. Rfc1 f5 18. a4 Bd6 19. b5 Bd7 20. Nc5 Bc8 21. bxc6 bxc6
22. Rab1 Rb8 23. Rxb8 Bxb8 24. Rb1 Bc7 25. Qc2 a5 26. Nc3 Nb4 27. Qd2 Bd6 28.
Nd3 Bd7 29. Na2 Nd5 30. Nc5 Bc8 31. Nb7 Bxb7 32. Rxb7 Re7 33. Rxe7 Bxe7 34. Qc2
Qb6 35. Bxd5 cxd5 36. Nc3 Qc6 37. Qb3 Bb4 38. Nxd5 Be1 39. Nf4 Qc1 40. Nd3 Qd2
41. Nxe1 Qxe1+ 42. Kg2 Qb4 43. Qd1 Kf6 44. h4 h5 45. Qc2 Ke7 46. Qc7+ Ke6 47.
Qc6+ Ke7 48. d5 Qe4+ 49. Kh2 Qb4 50. Qc7+ Kf6 51. d6 Qd2 52. Qe7+ Kg7 53. Qe5+
Kh7 54. Kg2 Kg8 55. Qe8+ Kg7 56. d7 Qd5+ 57. Kh2 Qd2 58. Kg2 Qd5+ 59. e4 1-0

[Event "Chigorin Mem Blitz 2014"]
[Site "St Petersburg RUS"]
[Date "2014.10.17"]
[Round "3.9"]
[White "Alekseev, Evgeny"]
[Black "Yakovich, Yuri"]
[Result "1/2-1/2"]
[WhiteTitle "GM"]
[BlackTitle "GM"]
[WhiteElo "2682"]
[BlackElo "2523"]
[WhiteFideId "4138147"]
[BlackFideId "4100654"]
[EventDate "2014.10.17"]

1. e4 c5 2. Nf3 e6 3. d4 cxd4 4. Nxd4 Nf6 5. Nc3 d6 6. Be2 Nc6 7. Be3 Be7 8. O-O
O-O 9. Nb3 a6 10. a4 b6 11. f4 Bb7 12. Bf3 Qc7 13. Qe2 Nd7 14. Rad1 Rfd8 15. Qf2
Bf6 16. Rd2 Nc5 17. Rfd1 Bxc3 18. bxc3 Nxa4 19. c4 Nc5 20. Qg3 Ne7 21. Bd4 g6
22. Qg5 e5 23. fxe5 Ne6 24. exd6 Rxd6 25. Qe5 Nxd4 26. Rxd4 Rd7 1/2-1/2

[Event "Chigorin Mem Blitz 2014"]
[Site "St Petersburg RUS"]
[Date "2014.10.17"]
[Round "3.10"]
[White "Chekhov, Sergei"]
[Black "Rakhmanov, Aleksandr"]
[Result "0-1"]
[WhiteTitle "IM"]
[BlackTitle "GM"]
[WhiteElo "2474"]
[BlackElo "2636"]
[WhiteFideId "4195639"]
[BlackFideId "4173708"]
[EventDate "2014.10.17"]

1. e4 c5 2. Nf3 Nf6 3. e5 Nd5 4. d4 cxd4 5. Qxd4 e6 6. Bc4 Nc6 7. Qe4 f5 8. Qe2
Nde7 9. O-O Ng6 10. Bb3 Be7 11. Nc3 a6 12. h4 Bxh4 13. Be3 Be7 14. Na4 Qc7 15.
Bb6 Qb8 16. Rfe1 O-O 17. Rad1 Nh8 18. Nc5 Bxc5 19. Bxc5 Rd8 20. Ng5 h6 21. Nf3
b6 22. Bd6 Qa7 23. Nh4 Kh7 24. Qf3 Bb7 25. Nxf5 Nd4 26. Nxd4 Bxf3 27. Nxf3 Nf7
28. c3 Nxd6 29. Rxd6 Rf8 30. Nh4 b5 31. Re3 Rf4 32. Bc2+ Kg8 33. Ng6 Rf7 34. Rd4
Rc8 35. Bb3 a5 36. a3 b4 37. g4 bxa3 38. bxa3 Rb8 39. Bc4 Rb2 40. Be2 Rb1+ 41.
Kg2 Rb2 42. Bf3 Qc7 43. Red3 Rb3 44. Nh4 Rxc3 45. Rxc3 Qxc3 0-1

[Event "Chigorin Mem Blitz 2014"]
[Site "St Petersburg RUS"]
[Date "2014.10.17"]
[Round "3.11"]
[White "Timofeev, Artyom"]
[Black "Malakhov, Igor"]
[Result "1-0"]
[WhiteTitle "GM"]
[BlackTitle "IM"]
[WhiteElo "2598"]
[BlackElo "2441"]
[WhiteFideId "4140419"]
[BlackFideId "4183088"]
[EventDate "2014.10.17"]

1. c4 c5 2. Nf3 Nf6 3. Nc3 g6 4. e4 d6 5. d4 cxd4 6. Nxd4 Nc6 7. Nc2 Bg7 8. Be2
O-O 9. O-O Nd7 10. Bd2 a5 11. Rc1 Nc5 12. f3 f5 13. exf5 Bxf5 14. Ne3 Nd4 15.
Nxf5 Rxf5 16. Kh1 Qf8 17. Be3 Nxe2 18. Qxe2 Re5 19. Qd2 Qf7 20. Nd5 e6 21. Nc3
Rd8 22. Rcd1 Rh5 23. g4 Re5 24. Bd4 h6 25. Bxe5 Bxe5 26. Qxh6 Bf4 27. Qh4 g5 28.
Qh6 Rd7 29. Ne2 Qg7 30. Qxg7+ Kxg7 31. h4 Be5 32. hxg5 Bxb2 33. f4 Kg6 34. Kg2
Ba3 35. Rh1 b6 36. Rh6+ Kg7 37. Ng3 e5 38. Nf5+ Kf8 39. Rh8+ Kf7 40. Rh7+ Ke6
41. Rxd7 Kxd7 42. fxe5 Ne4 43. exd6 Nxg5 44. Kg3 Bc5 45. Kf4 Ne6+ 46. Ke5 Ng5
47. Ng7 Be3 48. Nh5 Nf7+ 49. Ke4 Bg5 50. Kf5 Bd8 51. Nf6+ Kc6 52. g5 Nxd6+ 53.
Rxd6+ Kxd6 54. g6 1-0

[Event "Chigorin Mem Blitz 2014"]
[Site "St Petersburg RUS"]
[Date "2014.10.17"]
[Round "3.12"]
[White "Paravyan, David"]
[Black "Al-Modiahki, Mohamad"]
[Result "1-0"]
[WhiteTitle "IM"]
[BlackTitle "GM"]
[WhiteElo "2424"]
[BlackElo "2550"]
[WhiteFideId "4194985"]
[BlackFideId "12100030"]
[EventDate "2014.10.17"]

1. e4 c5 2. Nf3 g6 3. d4 cxd4 4. Nxd4 Nc6 5. Nc3 Bg7 6. Be3 Nf6 7. Bc4 O-O 8.
Bb3 e6 9. O-O d5 10. exd5 exd5 11. Re1 Ng4 12. Nxc6 bxc6 13. Bd4 Qh4 14. h3 Nh6
15. Bc5 Be6 16. Bxf8 Rxf8 17. Qd3 Nf5 18. Rad1 Qg5 19. Ne2 Nh4 20. Qg3 Qd8 21.
c4 d4 22. c5 Bxb3 23. axb3 Qa5 24. Qxh4 d3 25. b4 Qb5 26. Nc3 1-0

[Event "Chigorin Mem Blitz 2014"]
[Site "St Petersburg RUS"]
[Date "2014.10.17"]
[Round "4.1"]
[White "Matsenko, Sergei"]
[Black "Demidov, Mikhail"]
[Result "1-0"]
[WhiteTitle "IM"]
[BlackTitle "IM"]
[WhiteElo "2485"]
[BlackElo "2516"]
[WhiteFideId "4170083"]
[BlackFideId "4197143"]
[EventDate "2014.10.17"]

1. Nf3 Nf6 2. c4 e6 3. Nc3 d5 4. d4 h6 5. cxd5 exd5 6. Bf4 Bd6 7. Bxd6 Qxd6 8.
e3 c6 9. Qc2 Bg4 10. Ne5 Be6 11. Bd3 Ng4 12. Nf3 Nd7 13. O-O O-O 14. h3 Ngf6 15.
Rab1 a5 16. Na4 Rfe8 17. Nc5 Nxc5 18. dxc5 Qe7 19. Nd4 Nd7 20. Rbc1 Ne5 21. Rfe1
a4 22. b3 axb3 23. axb3 Ra5 24. Bh7+ Kh8 25. f4 Nd7 26. b4 Ra3 27. f5 Nf6 28.
fxe6 Nxh7 29. e4 dxe4 30. Rxe4 Ng5 31. exf7 Qxf7 32. Rf1 Qd7 33. Ref4 Raa8 34.
Nf5 Rf8 35. Nd6 Rxf4 36. Rxf4 Qe7 37. Qf2 Kg8 38. Kh2 Qe5 39. Qg3 Qe6 40. h4 Nh7
41. Rf7 g5 42. Rxb7 Rf8 43. Qc3 Nf6 44. hxg5 hxg5 45. Qd4 Ng4+ 46. Kg3 Nf6 1-0

[Event "Chigorin Mem Blitz 2014"]
[Site "St Petersburg RUS"]
[Date "2014.10.17"]
[Round "4.2"]
[White "Rakhmanov, Aleksandr"]
[Black "Batchuluun, Tsegmed"]
[Result "1-0"]
[WhiteTitle "GM"]
[BlackTitle "GM"]
[WhiteElo "2636"]
[BlackElo "2523"]
[WhiteFideId "4173708"]
[BlackFideId "4900847"]
[EventDate "2014.10.17"]

1. c4 Nf6 2. Nc3 e6 3. d4 Bb4 4. e3 O-O 5. Bd3 d5 6. Ne2 c5 7. a3 cxd4 8. exd4
Be7 9. O-O dxc4 10. Bxc4 Nbd7 11. Nf4 Nb6 12. Ba2 Bd7 13. Re1 Re8 14. Nd3 Bc6
15. Ne5 Bd5 16. Nxd5 Nbxd5 17. Qd3 Rc8 18. Bg5 h6 19. Bd2 Nd7 20. Nf3 N7f6 21.
Rad1 Bf8 22. Ne5 Nd7 23. Bb1 Nxe5 24. Qh7# 1-0

[Event "Chigorin Mem Blitz 2014"]
[Site "St Petersburg RUS"]
[Date "2014.10.17"]
[Round "4.3"]
[White "Yemelin, Vasily"]
[Black "Timofeev, Artyom"]
[Result "0-1"]
[WhiteTitle "GM"]
[BlackTitle "GM"]
[WhiteElo "2568"]
[BlackElo "2598"]
[WhiteFideId "4113217"]
[BlackFideId "4140419"]
[EventDate "2014.10.17"]

1. d4 Nf6 2. Bg5 e6 3. Nd2 h6 4. Bh4 c5 5. e3 Be7 6. c3 b6 7. Ngf3 Bb7 8. Bd3
O-O 9. O-O Nc6 10. Re1 Rc8 11. a3 d6 12. e4 cxd4 13. cxd4 Rc7 14. Rc1 Qd7 15.
Qe2 Rfc8 16. Rcd1 Nh5 17. d5 Nf4 18. Qe3 Ne5 19. Bf1 Nxf3+ 20. Nxf3 Bxh4 21.
Nxh4 e5 22. g3 Ng6 23. Nf5 Rc2 24. Bh3 Qd8 25. Rd2 Rxd2 26. Qxd2 Rc7 27. Rc1 Bc8
28. Kg2 Bxf5 29. exf5 Nf8 30. Rxc7 Qxc7 31. f6 Nh7 32. fxg7 Kxg7 33. Bg4 Nf6 34.
Bd1 Qc4 35. Bf3 e4 36. Be2 Qxd5 37. Qc3 Qc5 38. Qd2 Qe5 39. b4 d5 40. f4 Qa1 41.
g4 d4 42. g5 hxg5 43. fxg5 Nd5 44. Kg3 Qc3+ 0-1

[Event "Chigorin Mem Blitz 2014"]
[Site "St Petersburg RUS"]
[Date "2014.10.17"]
[Round "4.4"]
[White "Dzhumagaliev, Yan"]
[Black "Ganguly, Surya Shekhar"]
[Result "1-0"]
[WhiteTitle "FM"]
[BlackTitle "GM"]
[WhiteElo "2415"]
[BlackElo "2613"]
[WhiteFideId "24100110"]
[BlackFideId "5002150"]
[EventDate "2014.10.17"]

1. h4 e5 2. h5 d5 3. c3 Nc6 4. d4 Bg4 5. h6 Nxh6 6. Bxh6 gxh6 7. Qb3 Qd7 8. e3
exd4 9. cxd4 Na5 10. Qc2 Bb4+ 11. Nc3 Bf5 12. Bd3 Bxd3 13. Qxd3 Nc4 14. Rb1 Qc6
15. Ne2 Qg6 16. Nf4 Qxd3 17. Nxd3 Ba5 18. b4 Bb6 19. Nxd5 O-O-O 20. Nxb6+ axb6
21. Rxh6 Rdg8 22. Nf4 Nd6 23. Rc1 Rg5 24. Rxd6 1-0

[Event "Chigorin Mem Blitz 2014"]
[Site "St Petersburg RUS"]
[Date "2014.10.17"]
[Round "4.5"]
[White "Zubritskiy, Artyom"]
[Black "Smirnov, Pavel"]
[Result "1/2-1/2"]
[BlackTitle "GM"]
[WhiteElo "2360"]
[BlackElo "2611"]
[WhiteFideId "4181247"]
[BlackFideId "4123425"]
[EventDate "2014.10.17"]

1. d4 d5 2. c4 e6 3. Nf3 Nf6 4. g3 Bb4+ 5. Bd2 Be7 6. Bg2 c6 7. O-O b6 8. Qc2
Ba6 9. b3 O-O 10. a4 Nbd7 11. a5 Bd6 12. Rd1 Qe7 13. Bg5 h6 14. Bf4 Bb4 15. axb6
axb6 16. Nbd2 c5 17. e4 cxd4 18. Nxd4 Rfc8 19. exd5 Nxd5 20. Nf5 Qf8 21. Bxd5
exd5 22. Qb2 Bb7 23. Rxa8 Rxa8 24. cxd5 Bxd5 25. Nc4 Be6 26. Bd6 Bxd6 27. Nfxd6
Nc5 28. b4 Na4 29. Qd4 Rb8 30. Ne4 Qxb4 31. Qe5 Rf8 32. Ncd6 Qb3 33. Ra1 Qb2 34.
Qxb2 Nxb2 35. Rb1 Na4 36. Rb4 Ra8 37. f4 Bd7 38. f5 Kf8 39. f6 gxf6 40. Nxf6 Ke7
41. Nxd7 Kxd7 42. Nxf7 h5 43. Rb5 Ra5 44. Rb4 Kc6 45. h4 b5 46. Ne5+ Kd5 47. Nd3
Nb6 48. Nf4+ Kc5 49. Nd3+ Kd6 50. Rd4+ Kc7 51. Nf4 Ra4 52. Rd1 b4 53. Nxh5 b3
54. Rb1 Ra3 55. Nf4 Nc4 56. h5 b2 57. h6 Ra1 58. Nd5+ Kd7 59. Nc3 Ke6 60. Kf2
Kf6 61. Ke2 Rxb1 62. Nxb1 Kg6 1/2-1/2

[Event "Chigorin Mem Blitz 2014"]
[Site "St Petersburg RUS"]
[Date "2014.10.17"]
[Round "4.6"]
[White "Guseva, Marina"]
[Black "Volkov, Sergey"]
[Result "1/2-1/2"]
[WhiteTitle "IM"]
[BlackTitle "GM"]
[WhiteElo "2364"]
[BlackElo "2599"]
[WhiteFideId "4149351"]
[BlackFideId "4122763"]
[EventDate "2014.10.17"]

1. d4 d5 2. c4 c6 3. Nc3 Nf6 4. e3 a6 5. Qc2 b5 6. b3 Bg4 7. Nge2 Nbd7 8. Ng3 e5
9. h3 exd4 10. hxg4 dxc3 11. g5 Ng4 12. g6 Ngf6 13. gxf7+ Kxf7 14. Qxc3 dxc4 15.
bxc4 b4 16. Qc2 Bd6 17. c5 Bxg3 18. Bc4+ Ke7 19. fxg3 Qa5 20. O-O Qxc5 21. Bb2
Qxe3+ 22. Qf2 Qxf2+ 23. Rxf2 Rhe8 24. Rd1 Rad8 25. g4 h6 26. Rf5 Kf8 27. g5 hxg5
28. Rxg5 Re4 29. Bb3 Rde8 30. Kh2 Re1 31. Rd6 R8e2 32. Bd4 Ne4 33. Rf5+ Ke7 34.
Re6+ Kd8 35. Bxg7 Nec5 36. Rxe2 Rxe2 37. Bc4 Rc2 38. Bg8 a5 39. Kh3 a4 40. g4 b3
41. axb3 axb3 42. Bh7 b2 43. Rf8+ Nxf8 44. Bxc2 Nfe6 45. Bxb2 Nf4+ 46. Kh4 Nce6
47. Be4 c5 48. Be5 Ke7 49. Bxf4 Nxf4 50. g5 c4 51. Kg4 Nd3 52. Bxd3 cxd3 53. Kf3
Kf7 54. Ke3 Kg6 55. Kxd3 Kxg5 1/2-1/2

[Event "Chigorin Mem Blitz 2014"]
[Site "St Petersburg RUS"]
[Date "2014.10.17"]
[Round "4.7"]
[White "Burmakin, Vladimir"]
[Black "Sethuraman, S.P."]
[Result "0-1"]
[WhiteTitle "GM"]
[BlackTitle "GM"]
[WhiteElo "2583"]
[BlackElo "2613"]
[WhiteFideId "4105109"]
[BlackFideId "5021596"]
[EventDate "2014.10.17"]

1. Nf3 d5 2. c4 e6 3. g3 Nf6 4. Bg2 dxc4 5. Qa4+ Nbd7 6. O-O a6 7. Qxc4 b5 8.
Qc2 Bb7 9. a4 c5 10. d3 Be7 11. Nc3 Bc6 12. Ne1 Bxg2 13. Nxg2 Rb8 14. axb5 axb5
15. Bf4 Rb7 16. Ra6 c4 17. Rfa1 O-O 18. Nd1 b4 19. Nde3 Nd5 20. Nxc4 N7b6 0-1

[Event "Chigorin Mem Blitz 2014"]
[Site "St Petersburg RUS"]
[Date "2014.10.17"]
[Round "4.8"]
[White "Popov, Valerij"]
[Black "Iljin, Timofey"]
[Result "1-0"]
[WhiteTitle "GM"]
[BlackTitle "IM"]
[WhiteElo "2546"]
[BlackElo "2388"]
[WhiteFideId "4119410"]
[BlackFideId "14110180"]
[EventDate "2014.10.17"]

1. Nf3 Nf6 2. c4 e6 3. Nc3 Bb4 4. g4 h6 5. Rg1 d5 6. Qa4+ Nc6 7. Ne5 Bxc3 8.
bxc3 Bd7 9. Nxd7 Qxd7 10. d3 Ne5 11. Qxd7+ Kxd7 12. cxd5 Nxd5 13. c4 Nb4 14. Rb1
Nbc6 15. f4 Ng6 16. Rxb7 Rab8 17. Rb2 f6 18. f5 Nge5 19. Kd2 Rb6 20. fxe6+ Kxe6
21. Bg2 Rhb8 22. Rxb6 axb6 23. Bd5+ Kd7 24. a3 Nd4 25. Bb2 Ndc6 26. h4 Rh8 27.
d4 Ng6 28. g5 hxg5 29. hxg5 f5 30. Bf7 Nge7 31. d5 Na5 32. Bxg7 Rh7 33. Be6+ Kd6
34. Bf8 Nxc4+ 35. Kc3 Ne5 36. g6 Nxg6 37. Rxg6 Rh3+ 1-0